Języki świata - Statystyki

Ogólne statystyki
  • Ten quiz został rozwiązany 1 166 razy
  • Średni wynik to 191 z 254
Statystyki odpowiedzi
Kraj Język % Poprawnych
Antigua i Barbuda | Australia | Bahamy | +53 others angielski
97%
Gujana angielski`
97%
Argentyna | Boliwia | Chile | +17 others hiszpański
95%
Austria | Belgia | Liechtenstein | +3 others niemiecki
95%
Belgia | Benin | Burkina Faso | +26 others francuski
94%
Białoruś | Kazachstan | Rosja rosyjski
94%
Polska polski
93%
Angola | Brazylia | Gwinea Bissau | +5 others portugalski
91%
San Marino | Szwajcaria | Watykan | Włochy włoski
90%
Albania | Kosowo albański
89%
Ukraina ukraiński
87%
Czechy czeski
86%
Algieria | Arabia Saudyjska | Bahrajn | +19 others arabski
85%
Cypr | Grecja grecki
85%
Japonia | Palau japoński
84%
Norwegia norweski
83%
Cypr | Turcja turecki
83%
Bośnia i Hercegowina | Chorwacja chorwacki
82%
Dania duński
82%
Finlandia | Szwecja szwedzki
82%
Białoruś białoruski
81%
Bośnia i Hercegowina | Kosowo | Serbia serbski
81%
Słowacja słowacki
81%
Mołdawia | Rumunia rumuński
80%
Estonia estoński
79%
Korea Południowa | Korea Północna koreański
79%
Bułgaria bułgarski
78%
Irlandia irlandzki
78%
Litwa litewski
77%
Islandia islandzki
76%
Słowenia słoweński
76%
Węgry węgierski
76%
Łotwa łotewski
75%
Finlandia fiński
73%
Macedonia Północna macedoński
71%
Belgia | Holandia | Surinam niderlandzki
68%
Gruzja gruziński
66%
Chiny | Singapur | Tajwan mandaryński
66%
Bośnia i Hercegowina bośniacki
65%
Wietnam wietnamski
64%
Malta maltański
63%
Mongolia mongolski
62%
Czarnogóra czarnogórski
61%
Indie hindi
57%
Filipiny filipiński
52%
Luksemburg luksemburski
52%
Tajlandia tajski
52%
Izrael hebrajski
51%
Indonezja indonezyjski
51%
Watykan łaciński
51%
Nepal nepalski
47%
Armenia ormiański
47%
Andora kataloński
46%
Kazachstan kazachski
46%
Afganistan | Iran perski
44%
Uzbekistan uzbecki
41%
Azerbejdżan azerski
40%
Bangladesz bengalski
39%
Somalia somalijski
33%
Kirgistan kirgiski
31%
Tadżykistan tadżycki
30%
Brunei | Malezja | Singapur malajski
29%
Turkmenistan turkmeński
29%
Kambodża khmerski
26%
Mjanma birmański
25%
Kenia | Tanzania suahili
25%
Południowa Afryka (RPA) afrikaans
24%
Malediwy malediwski
24%
Afganistan paszto
22%
Samoa samoański
22%
Pakistan urdu
21%
Laos laotański
20%
Haiti haitański
18%
Szwajcaria romansz
18%
Seszele seszelski
18%
Singapur | Sri Lanka tamilski
15%
Etiopia amharski
13%
Botswana tswana
13%
Nowa Zelandia maoryski
12%
Eswatini suazi
12%
Komory komoryjski
11%
Lesotho sotho
11%
Boliwia | Peru keczua
10%
Madagaskar malgaski
9%
Sri Lanka syngaleski
9%
Bhutan dzongkha
8%
Etiopia oromo
7%
Erytrea tigrinia
6%
Paragwaj guarani
5%
Timor Wschodni tetum
5%
Togo ewe
3%
Burundi kirundi
3%
Uganda luganda
2%
Malawi niandża
2%
Nie znaleziono quizów pasujących do podanych kryteriów
Rozkład punktacji
Procent ludzi z każdym wynikiem
Percentyl według liczby udzielonych odpowiedzi
Twoja historia wyników
Nie rozwiązałeś tego quizu